Ứng dụng kỹ thuật theo dõi đối tượng cho bài toán nhận dạng hành vi của khách hàng trong siêu thị : Luận văn Thạc sĩ Công nghệ thông tin. Chuyên ngành Hệ thống thông tin

Trình bày mô hình sử dụng các kỹ thuật theo dõi đối tượng để phân loại hoạt động của khách hàng trong siêu thị, từ đó xác định số lượng khách hàng quan tâm đến gian hàng và đánh giá hiệu quả trưng bày....

Full description

Saved in:
Bibliographic Details
Main Author: Trần, Thị Hồng Ân
Format: Book
Language:Undetermined
Published: Cần Thơ Trường Đại học Cần Thơ 2017
Subjects:
Tags: Add Tag
No Tags, Be the first to tag this record!
Institutions: Trung tâm Học liệu Trường Đại học Cần Thơ
LEADER 01186nam a2200193Ia 4500
001 CTU_225347
008 210402s9999 xx 000 0 und d
082 |a 006.42 
082 |b Â121 
100 |a Trần, Thị Hồng Ân 
245 0 |a Ứng dụng kỹ thuật theo dõi đối tượng cho bài toán nhận dạng hành vi của khách hàng trong siêu thị : 
245 0 |b Luận văn Thạc sĩ Công nghệ thông tin. Chuyên ngành Hệ thống thông tin 
245 0 |c Trần Thị Hồng Ân ; Phạm Nguyên Khang (Cán bộ hướng dẫn) 
260 |a Cần Thơ 
260 |b Trường Đại học Cần Thơ 
260 |c 2017 
520 |a Trình bày mô hình sử dụng các kỹ thuật theo dõi đối tượng để phân loại hoạt động của khách hàng trong siêu thị, từ đó xác định số lượng khách hàng quan tâm đến gian hàng và đánh giá hiệu quả trưng bày. 
650 |a Document imaging systems,Hệ thống tài liệu hình ảnh 
980 |a Trung tâm Học liệu Trường Đại học Cần Thơ